000 00297nam a22001337a 4500
008 170817b xxu||||| |||| 00| 0 eng d
020 _a0131116177
041 _aeng
080 _a51
100 _a36
101 _aMAT
245 _aCALCULUS AND ANALYTIC GEOMETRY
_cEDWARDS,C.H
942 _2udc
_cBK
999 _c23979
_d23979